000 00895nam a2200229 a 4500
001 20509
003 CO-ViMGA
008 141112s2004 ck r 000 u spa d
020 _a8448606353
040 _aCO-ViMGA
_bspa
_cCO-ViMGA
082 0 4 _a616.072 N634b
100 1 _aNordin, Margarita; Frankel, Victor H.
_929657
245 1 0 _aBiomecánica básica del sistema musculoesqueletico
250 _a3
260 _aMadrid :
_bMcGraw Hill interAméricana,
_c2004
300 _a485p
505 _aBiomecánica de los tejidos y estructuras del sistema musculoesqueletico 26 - - Biomecánica de las articulaciones 180 - - Biomecánica aplicada 402
590 _aForma de adquisición : Compra fact. 0540 - - Precio : 189000 - - Proveedor : Temas y libros - - Fecha de adquisición : Abril 2006
650 1 4 _aAPARATO LOCOMOTOR
_912989
650 1 4 _aSISTEMA MUSCULAR
_926674
942 _2ddc
_cBK
999 _c29503
_d29503